| 000 | 00795nam a2200217 a 4500 | ||
|---|---|---|---|
| 003 | 0 | ||
| 005 | 20250408161951.0 | ||
| 008 | 970101s19uu xx 00 eng d | ||
| 050 |
_aPGS RS 164.L34 _b.So675 2004 |
||
| 100 | _aSo, Stephanie M. | ||
| 245 |
_aUsing Lagundi as a therapy for common illnesses and body pains / _cStephanie M. So. |
||
| 260 |
_aLas PiƱas City, Philippines : _bSouthville International School and Colleges, _c2004. |
||
| 300 |
_a32 pages : _bcolored illustration ; _c28 cm. |
||
| 504 | _aIncludes bibliographical references. | ||
| 650 |
_aLagundi _vMedicinal uses. |
||
| 650 |
_aVitex negundo _vTherapeutic use. |
||
| 650 |
_aHerbal medicine _zPhilippines. |
||
| 650 |
_aSelf-care, Health _zPhilippines. |
||
| 650 |
_aHome remedies _zPhilippines. |
||
| 942 |
_2lcc _cPASS |
||
| 999 |
_c97054 _d97054 |
||